| 000 | 01001cam a22002531i 4500 | ||
|---|---|---|---|
| 003 | SA-RiAUC | ||
| 005 | 20241016071351.0 | ||
| 008 | 241013s2007 su g f00010 ara c | ||
| 022 | 0 | _a13199803 | |
| 040 |
_aSA-MaUQU _bara _cSA-RiAUC _erda |
||
| 082 | 0 | 4 | _a410.6 |
| 090 |
_a410.6 _bج ا م |
||
| 110 | 2 |
_aجامعة أم القرى. _bكلية اللغة العربية _eمؤلف. |
|
| 245 | 1 | 0 |
_aمحاضرات الموسم الثقافي لكلية اللغة العربية / _cكلية اللغة العربية، جامعة أم القرى. |
| 264 | 1 |
_aمكة المكرمة : _bجامعة أم القرى، _c2007 |
|
| 300 |
_a240 صفحة ؛ _c24 سم |
||
| 336 |
_aنص _btxt _2rdacontent _3كتاب |
||
| 337 |
_aبدون وسيط _bn _2rdamedia |
||
| 338 |
_aمجلد _bnc _2rdacarrier |
||
| 650 | 7 |
_aاللغة العربية _vمؤتمرات _2aucsh |
|
| 650 | 7 |
_aاللغة العربية _vمتفرقات _2aucsh |
|
| 942 |
_2ddc _cBOOK _n0 |
||
| 949 |
_aSA-JeALM _d241013 _umohamedma123 _n1 |
||
| 999 |
_c1389 _d1389 |
||